[Event "Val Thorens A"]
[Site "?"]
[Date "1996.??.??"]
[Round "6"]
[White "Py Walter"]
[Black "Carlhammar Magnus"]
[Result "1/2-1/2"]
[WhiteElo "2135"]
[BlackElo "2310"]
[PlyCount "79"]
[EventDate "1996.??.??"]
[Source "www.chesslib.no"]
[SourceDate "2004.05.04"]

1. e4 e5 2. f4 exf4 3. Nf3 Be7 4. Bc4 Nf6 5. e5 Ng4 6. O-O d6 7. exd6 Qxd6 8. d4 g5 9. Re1 Nc6 10. b3 O-O 11. h3 Ne3 12. Bxe3 fxe3 13. Rxe3 g4 14. hxg4 Bxg4 15. c3 Qh6 16. Re1 Bd6 17. Nbd2 Ne7 18. Ne4 Bf4 19. Nf2 Be6 20. Bxe6 fxe6 21. Qe2 Nd5 22. Ng4 Qg6 23. Qxe6+ Qxe6 24. Rxe6 b5 25. Nge5 Bxe5 26. Rxe5 Nxc3 27. Rc1 Nxa2 28. Rxc7 Rf7 29. Rxf7 Kxf7 30. Rxb5 Kg6 31. Rc5 h6 32. Rc7 Kf5 33. d5 Nb4 34. d6 Na6 35. Re7 Rd8 36. Rxa7 Nc5 37. b4 Nd3 38. Nd4+ Ke4 39. Nb5 Kd5 40. Ra1 1/2-1/2

[Event "It Open"]
[Site "Ostend BEL"]
[Date "1992.??.??"]
[Round "?"]
[White "Dubois, Martine"]
[Black "Timmerman, Gert Jan"]
[Result "0-1"]
[WhiteElo "2055"]
[BlackElo "2375"]
[PlyCount "50"]
[EventDate "1992.??.??"]
[Source "www.chesslib.no"]
[SourceDate "2004.05.04"]

1. e4 e5 2. f4 exf4 3. Nf3 Be7 4. Bc4 Nf6 5. e5 Ng4 6. O-O Nc6 7. d4 d5 8. exd6 Bxd6 9. Re1+ Ne7 10. Nc3 O-O 11. Ne4 Ng6 12. Nfg5 Be7 13. Nxf7 Rxf7 14. h3 Nh6 15. Qd3 Kh8 16. Bd2 Rf8 17. Rad1 Nf5 18. c3 Nd6 19. Bd5 Bf5 20. Qe2 c6 21. Nxd6 Qxd6 22. Bf3 Bh4 23. Rf1 Rad8 24. Qc4 Bg3 25. Bh5 Qd5 0-1

[Event "Corr"]
[Site "?"]
[Date "1999.02.20"]
[Round "?"]
[White "Chambers Duncan (ENG)"]
[Black "Niewold Jaap (NLD)"]
[Result "1-0"]
[WhiteElo "2328"]
[BlackElo "2091"]
[PlyCount "111"]
[EventDate "1999.??.??"]
[Source "www.chesslib.no"]
[SourceDate "2004.05.04"]

1. e4 e5 2. f4 exf4 3. Nf3 Be7 4. Bc4 Nf6 5. e5 Ng4 6. d4 d5 7. exd6 Bxd6 8. Qe2+ Qe7 9. Qxe7+ Kxe7 10. Nc3 Be6 11. Bd3 Ne3 12. Bxe3 fxe3 13. O-O Nd7 14. Rae1 Nf6 15. Rxe3 Bf4 16. Re2 c6 17. Bf5 Rhd8 18. Rfe1 Rd6 19. Na4 b6 20. g3 Bh6 21. c4 Kf8 22. Bxe6 fxe6 23. Rxe6 Rad8 24. Rxd6 Rxd6 25. c5 bxc5 26. Nxc5 g6 27. h3 Nd5 28. Kf2 Nb4 29. a3 Nd5 30. b4 Kg7 31. Ne4 Re6 32. Ne5 Ne7 33. Ke2 Kg8 34. Kd3 Bg7 35. Nc3 Nf5 36. g4 Nd6 37. Re3 Nf7 38. Nd7 Rxe3+ 39. Kxe3 Bh6+ 40. Kd3 Bf4 41. Ne4 Kg7 42. Kc4 h5 43. gxh5 gxh5 44. Kc5 Nd8 45. d5 Be3+ 46. Kc4 cxd5+ 47. Kxd5 Nf7 48. a4 Ng5 49. Nxg5 Bxg5 50. b5 Bd2 51. Ne5 Kf6 52. Nc6 Be3 53. a5 Bf2 54. Nxa7 Bxa7 55. b6 Bb8 56. a6 1-0

[Event "San Salvador Open"]
[Site "San Salvador ESA"]
[Date "1994.??.??"]
[Round "2"]
[White "Zelaya, Gustavo"]
[Black "Castillo Melenes, Otto Rene"]
[Result "0-1"]
[WhiteElo "2205"]
[BlackElo "2210"]
[PlyCount "70"]
[EventDate "1994.??.??"]
[Source "www.chesslib.no"]
[SourceDate "2004.05.04"]

1. e4 e5 2. f4 exf4 3. Nf3 Be7 4. Bc4 Nf6 5. Nc3 Nxe4 6. Bxf7+ Kxf7 7. Ne5+ Kg8 8. Nxe4 d6 9. Nf3 d5 10. Nf2 Nc6 11. d4 Qd6 12. O-O g5 13. Nd3 Bg4 14. c3 Kg7 15. Qb3 b6 16. Qa4 Bxf3 17. Rxf3 Rhf8 18. b4 Bf6 19. b5 Ne7 20. Ba3 Qd7 21. Bxe7 Qxe7 22. Re1 Qd6 23. Ref1 h6 24. Qa6 Rae8 25. Qa4 Re2 26. Qxa7 Rfe8 27. Qa4 Qd7 28. h3 Rd2 29. R1f2 Rxf2 30. Rxf2 Qf5 31. Qc2 Re3 32. Nb4 Qe6 33. Nd3 Qe4 34. Nb4 Re1+ 35. Kh2 Qe3 0-1

[Event "Hradec Kralove Open"]
[Site "Hradec Kralove CZE"]
[Date "1992.??.??"]
[Round "5"]
[White "Medunova, Vera"]
[Black "Horak, Jiri"]
[Result "0-1"]
[WhiteElo "2120"]
[BlackElo "2270"]
[PlyCount "58"]
[EventDate "1992.??.??"]
[Source "www.chesslib.no"]
[SourceDate "2004.05.04"]

1. e4 e5 2. f4 exf4 3. Nf3 Be7 4. Bc4 Nf6 5. Nc3 Nxe4 6. Bxf7+ Kxf7 7. Nxe4 Rf8 8. O-O Kg8 9. d4 d5 10. Nf2 Bd6 11. c3 c6 12. Nd3 Bg4 13. Qb3 Qc7 14. Nfe5 Be2 15. Rxf4 Nd7 16. Bd2 Bxd3 17. Rxf8+ Rxf8 18. Nxd3 Bxh2+ 19. Kh1 Bg3 20. Qd1 Nf6 21. Be3 h5 22. Qe2 Qe7 23. Qf3 Ne4 24. Qxh5 Be1 25. Qg4 Ng3+ 26. Kh2 Nf1+ 27. Kh1 Nxe3 28. Rxe1 Nxg4 29. Rxe7 Rf1# 0-1

[Event "EU-ch U18 Girls"]
[Site "Litohoto"]
[Date "1999.09.11"]
[Round "9"]
[White "Karlovich, Anastazia"]
[Black "Georgieva, Liubka"]
[Result "1-0"]
[WhiteElo "2223"]
[BlackElo "2162"]
[PlyCount "33"]
[EventDate "1999.09.03"]
[Source "ChessBase"]
[SourceDate "1999.11.18"]

1. e4 e5 2. f4 exf4 3. Nf3 Be7 4. Bc4 Nf6 5. Nc3 Nxe4 6. Nxe4 d5 7. Bxd5 Qxd5 8. d3 g5 9. Nfxg5 f5 10. Qh5+ Kd7 11. Nf3 Nc6 12. O-O b6 13. Bxf4 Bb7 14. Ne5+ Kd8 15. Qxf5 Rf8 16. Qxf8+ Bxf8 17. Bg5+ 1-0

[Event "VI Festival - Open A"]
[Site "Amantea ITA"]
[Date "2008.09.07"]
[Round "9"]
[White "Procacci, Sergio"]
[Black "Marholev, Dimitar"]
[Result "0-1"]
[WhiteElo "2006"]
[BlackElo "2366"]
[PlyCount "64"]
[EventDate "2008.08.31"]
[Source "www.chesslib.no"]
[SourceDate "2004.05.04"]

1. e4 e5 2. f4 exf4 3. Nf3 Be7 4. Bc4 Nf6 5. d3 d5 6. exd5 Bd6 7. Qe2+ Kf8 8. Nc3 Bg4 9. Bd2 a6 10. Ne4 Nxe4 11. Qxe4 Nd7 12. d4 b5 13. Bb3 Nf6 14. Qe2 Qd7 15. O-O Re8 16. Qd3 Bf5 17. Qc3 Ne4 18. Qc6 Qc8 19. Bxf4 Bxf4 20. Ne5 Bxe5 21. dxe5 Rxe5 22. Rxf5 Rxf5 23. Re1 Nd6 24. a4 g6 25. axb5 axb5 26. Ra1 Kg7 27. Ra7 Qe8 28. Qc3+ Qe5 29. Rxc7 Qxc3 30. Rxc3 Re8 31. h3 Re1+ 32. Kh2 Re2 0-1

[Event "Sant Boi op"]
[Site "?"]
[Date "1996.??.??"]
[Round "?"]
[White "Cantero Martin Antoni"]
[Black "Alfonso Nogue Beatriz"]
[Result "0-1"]
[WhiteElo "2140"]
[BlackElo "2230"]
[PlyCount "34"]
[EventDate "1996.??.??"]
[Source "www.chesslib.no"]
[SourceDate "2004.05.04"]

1. e4 e5 2. f4 exf4 3. Nf3 Be7 4. Bc4 Nf6 5. Nc3 Nxe4 6. Nd5 c6 7. Nxf4 d5 8. Bb3 Bh4+ 9. Kf1 O-O 10. Rg1 Nf2 11. Qe1 Re8 12. Ne2 Bg4 13. d3 Bxf3 14. gxf3 Nh3 15. Qc3 Nxg1 16. Nxg1 Qd6 17. f4 Re1+ 0-1

[Event "It Open"]
[Site "Dublin IRL"]
[Date "1991.??.??"]
[Round "?"]
[White "Copeland, Graham"]
[Black "Armstrong Malcolm"]
[Result "1-0"]
[WhiteElo "2335"]
[BlackElo "2030"]
[PlyCount "83"]
[EventDate "1991.??.??"]
[Source "www.chesslib.no"]
[SourceDate "2004.05.04"]

1. e4 e5 2. f4 exf4 3. Nf3 Be7 4. Bc4 Nf6 5. e5 Ng4 6. O-O Nc6 7. d4 d5 8. exd6 Bxd6 9. Qe2+ Qe7 10. Qxe7+ Nxe7 11. Ng5 O-O 12. Bxf4 Nf5 13. Bxd6 Nxd6 14. Bd3 h6 15. Ne4 Nxe4 16. Bxe4 Rd8 17. c3 Nf6 18. Bf3 a6 19. Nd2 Rb8 20. Nb3 b5 21. Na5 Rb6 22. Nc6 Re8 23. Rfe1 Bd7 24. Ne5 Rbe6 25. Kf2 Bc8 26. Bc6 Rd8 27. h3 b4 28. Rad1 bxc3 29. bxc3 Nd5 30. c4 Nb4 31. d5 Rf6+ 32. Kg1 Nxc6 33. Nxc6 Rf8 34. Re7 Bb7 35. Na5 Bc8 36. Rxc7 Re8 37. d6 Bxh3 38. gxh3 Re2 39. d7 Rff2 40. d8=Q+ Kh7 41. Qd3+ g6 42. Rxf7+ 1-0

[Event "Cappelle Open"]
[Site "Cappelle la Grande FRA"]
[Date "1995.??.??"]
[Round "2"]
[White "Shaw, John"]
[Black "Haezebaert, Philippe"]
[Result "0-1"]
[WhiteElo "2280"]
[BlackElo "2080"]
[PlyCount "56"]
[EventDate "1995.03.??"]
[Source "www.chesslib.no"]
[SourceDate "2004.05.04"]

1. e4 e5 2. f4 exf4 3. Nf3 Be7 4. Bc4 Nf6 5. e5 Ng4 6. d4 d5 7. exd6 Qxd6 8. Nc3 Be6 9. Bd3 Ne3 10. Bxe3 fxe3 11. Qe2 Nd7 12. Qxe3 Nf6 13. O-O O-O-O 14. Nb5 Qb6 15. a4 a5 16. c4 Ng4 17. Qe4 f5 18. Qe2 Rhe8 19. h3 Bd7 20. hxg4 fxg4 21. Ne5 Bxb5 22. Qxg4+ Kb8 23. Rf4 Rxd4 24. Rxd4 Bc5 25. Re1 Bxd4+ 26. Kh1 Rxe5 27. Rxe5 Bxe5 28. Qh5 Qe3 0-1

[Event "Wch U14"]
[Site "Menorca"]
[Date "1996.??.??"]
[Round "4"]
[White "Jorgensen, Stig E"]
[Black "Bazant, Petr Jr"]
[Result "0-1"]
[WhiteElo "2065"]
[BlackElo "2295"]
[PlyCount "88"]
[EventDate "1996.??.??"]
[Source "www.chesslib.no"]
[SourceDate "2004.05.04"]

1. e4 e5 2. f4 exf4 3. Nf3 Be7 4. Bc4 Nf6 5. Nc3 Nxe4 6. Bxf7+ Kxf7 7. Nxe4 Rf8 8. d4 Bh4+ 9. g3 Qe7 10. Qe2 d5 11. Nxh4 dxe4 12. Qc4+ Be6 13. d5 Bd7 14. d6+ Qe6 15. Qxe6+ Kxe6 16. dxc7 Na6 17. Bxf4 Rac8 18. O-O-O Bc6 19. Rhe1 Nxc7 20. Nf3 Nd5 21. Nd4+ Kf6 22. Nxc6 bxc6 23. Rxe4 g5 24. Bd6 Rfe8 25. Rf1+ Kg6 26. Rfe1 Rxe4 27. Rxe4 Kf5 28. Ra4 Ne3 29. Rxa7 Rd8 30. Re7 Nd5 31. Re5+ Kf6 32. Rxd5 cxd5 33. Bc5 Ra8 34. a3 Ke5 35. Kd2 Ke4 36. Ke2 d4 37. Kd2 Ra5 38. Be7 g4 39. Ke2 Re5 40. Bd6 Rh5 41. b4 Rxh2+ 42. Kd1 Kd5 43. Bf4 Kc4 44. Kc1 Kc3 0-1

[Event "Bristol op"]
[Site "Bristol"]
[Date "1999.??.??"]
[Round "2"]
[White "Buckley, David"]
[Black "Jakubovics, Nicholas"]
[Result "0-1"]
[WhiteElo "2143"]
[BlackElo "2210"]
[PlyCount "86"]
[EventDate "1999.??.??"]
[Source "www.chesslib.no"]
[SourceDate "2004.05.04"]

1. e4 e5 2. f4 exf4 3. Nf3 Be7 4. Bc4 Nf6 5. e5 Ng4 6. O-O Nc6 7. d4 d5 8. exd6 Bxd6 9. Re1+ Ne7 10. Qe2 O-O 11. Bxf4 Bxf4 12. Qxe7 Bxh2+ 13. Kh1 Qxe7 14. Rxe7 Bd6 15. Re2 Bf5 16. Nc3 Rfe8 17. Rae1 Kf8 18. Ne5 f6 19. Rf1 Bxe5 20. dxe5 Nxe5 21. Rxf5 Nxc4 22. Rc5 Rxe2 23. Nxe2 Re8 24. Rxc4 Rxe2 25. Rxc7 Re7 26. Rc8+ Kf7 27. Kg1 h5 28. Kf2 h4 29. c4 g5 30. c5 Ke6 31. b4 Kf5 32. Rd8 Re4 33. a3 a5 34. b5 Rc4 35. c6 bxc6 36. bxc6 Rxc6 37. Rd5+ Kf4 38. Rxa5 Rc2+ 39. Kf1 g4 40. Rh5 Kg3 41. a4 Rf2+ 42. Ke1 Rxg2 43. a5 Ra2 0-1

[Event "Olomouc"]
[Site "?"]
[Date "2006.08.06"]
[Round "4"]
[White "Van Mechelen Jan"]
[Black "Nester Igor"]
[Result "0-1"]
[WhiteElo "1931"]
[BlackElo "2417"]
[PlyCount "94"]
[EventDate "2006.??.??"]
[Source "www.chesslib.no"]
[SourceDate "2004.05.04"]

1. e4 e5 2. f4 exf4 3. Nf3 Be7 4. Bc4 Nf6 5. e5 Ng4 6. d4 d6 7. exd6 Bxd6 8. Qe2+ Qe7 9. Qxe7+ Kxe7 10. O-O Be6 11. Bxe6 fxe6 12. Nc3 Nc6 13. Ne4 Nb4 14. Nxd6 cxd6 15. Bxf4 Nxc2 16. Rac1 Rac8 17. Ng5 Nxd4 18. Rce1 Nf6 19. Rf2 e5 20. Bxe5 dxe5 21. Rxe5+ Kd7 22. Re1 Nc6 23. Rd1+ Kc7 24. Ne6+ Kb8 25. Nxg7 Ng4 26. Rf4 Nge5 27. Ne6 Rhe8 28. Ng5 h6 29. Ne4 Ng6 30. Rf6 Rxe4 31. Rxg6 Re2 32. Rxh6 Rxb2 33. a3 Rg8 34. g3 a6 35. Rhd6 Ne5 36. Rd8+ Rxd8 37. Rxd8+ Kc7 38. Rh8 Nf3+ 39. Kh1 b5 40. g4 a5 41. Rh3 Rxh2+ 42. Rxh2 Nxh2 43. Kxh2 b4 44. axb4 axb4 45. g5 Kd6 46. g6 Ke6 47. g7 Kf7 0-1

[Event "11th ZNG111 Open"]
[Site "Rijeka CRO"]
[Date "2008.01.13"]
[Round "6"]
[White "Juretic, B."]
[Black "Loncar, R."]
[Result "0-1"]
[WhiteElo "1894"]
[BlackElo "2450"]
[PlyCount "58"]
[EventDate "2008.01.09"]
[Source "www.chesslib.no"]
[SourceDate "2004.05.04"]

1. e4 e5 2. f4 exf4 3. Nf3 Be7 4. Bc4 Nf6 5. d3 d5 6. exd5 Nxd5 7. Bxd5 Qxd5 8. Bxf4 O-O 9. O-O Bf6 10. Qc1 Bf5 11. Nbd2 Re8 12. Nc4 Qc5+ 13. Be3 Qd5 14. Bg5 Nd7 15. Re1 Rxe1+ 16. Qxe1 Bxg5 17. Nxg5 Bxd3 18. cxd3 Qxg5 19. Qe2 Nf6 20. Re1 Qc5+ 21. Kf1 h5 22. Qe5 Qxe5 23. Rxe5 Re8 24. Rf5 Re6 25. Rc5 c6 26. Kf2 Nd5 27. Nd2 Nf4 28. Rc3 Re2+ 29. Kf3 Rxd2 0-1

[Event "Seville op 26th"]
[Site "Seville"]
[Date "2001.01.16"]
[Round "5"]
[White "Nuevo Perez, Antonio"]
[Black "Tomas Batet, Joan"]
[Result "1-0"]
[WhiteElo "2255"]
[BlackElo "2079"]
[PlyCount "43"]
[EventDate "2001.01.12"]
[Source "ChessBase"]
[SourceDate "2001.03.08"]

1. e4 e5 2. f4 exf4 3. Nf3 Be7 4. Bc4 Nf6 5. e5 Ng4 6. O-O d5 7. exd6 Qxd6 8. d4 Nc6 9. Nc3 a6 10. Nd5 Be6 11. Bxf4 Ne3 12. Bxd6 Nxd1 13. Nxc7+ Kd7 14. Bxe6+ Kxd6 15. Nxa8 Ne3 16. Rf2 fxe6 17. Nb6 Nb4 18. c3 Bd8 19. Ne5 Bxb6 20. Nf7+ Kd5 21. Nxh8 Nbc2 22. Rc1 1-0

[Event "Dreifluesse op 8th"]
[Site "Passau"]
[Date "2000.04.21"]
[Round "2"]
[White "Popow, Alexander"]
[Black "Schoene, Ralf"]
[Result "0-1"]
[WhiteElo "1942"]
[BlackElo "2385"]
[PlyCount "36"]
[EventDate "2000.04.21"]
[Source "ChessBase"]
[SourceDate "2000.07.11"]

1. e4 e5 2. f4 exf4 3. Nf3 Be7 4. Bc4 Nf6 5. d3 d5 6. exd5 Nxd5 7. Qe2 Nc6 8. Bxd5 Qxd5 9. Bxf4 Bg4 10. c3 O-O-O 11. d4 Bh4+ 12. Kd1 Rhe8 13. Qd3 Re4 14. Bd2 Ne5 15. Qf1 Nxf3 16. gxf3 Bxf3+ 17. Kc2 Bxh1 18. Qxh1 Rxd4 0-1

[Event "Saarlouis (27.05.-04.06)"]
[Site "?"]
[Date "2000.06.04"]
[Round "9"]
[White "Mueller Dieter[58Koeln"]
[Black "Diehl Klaus"]
[Result "0-1"]
[WhiteElo "2207"]
[BlackElo "2108"]
[PlyCount "108"]
[EventDate "2000.??.??"]
[Source "www.chesslib.no"]
[SourceDate "2004.05.04"]

1. e4 e5 2. f4 exf4 3. Nf3 Be7 4. Bc4 Nf6 5. Nc3 Nxe4 6. Bxf7+ Kxf7 7. Nxe4 d5 8. Ne5+ Kg8 9. Qh5 Be6 10. Nf2 Nd7 11. Nxd7 Qxd7 12. d4 Rf8 13. Qf3 h5 14. Bd2 Bg4 15. Nxg4 hxg4 16. Qd3 Qe6+ 17. Qe2 Qe4 18. Kd1 Bd6 19. Qxg4 f3 20. gxf3 Qxf3+ 21. Qxf3 Rxf3 22. h4 Bg3 23. Ke2 Rf2+ 24. Ke3 Kh7 25. Raf1 Rxf1 26. Rxf1 Bxh4 27. Rf5 c6 28. Rf7 Re8+ 29. Kd3 Re7 30. Rf1 g5 31. Rf6 Kg7 32. Rf5 Kg6 33. Rf1 Rf7 34. Rxf7 Kxf7 35. Ke3 Ke6 36. Kf3 Kf5 37. Bb4 g4+ 38. Ke3 Bg5+ 39. Kf2 Bc1 40. Bc3 Bf4 41. b3 Ke4 42. Bb2 Be3+ 43. Kg3 Bxd4 44. Bc1 Kf5 45. Bd2 Be5+ 46. Kg2 Ke4 47. Bc1 b5 48. Bd2 c5 49. Bh6 a6 50. Kf2 c4 51. bxc4 bxc4 52. Bc1 d4 53. Ba3 d3 54. cxd3+ Kxd3 0-1

[Event "Wch U16 Girls"]
[Site "Oropesa del Mar"]
[Date "1998.10.27"]
[Round "3"]
[White "Jurkiewicz, Katarzyna"]
[Black "Matras, Agnieszka"]
[Result "0-1"]
[WhiteElo "2185"]
[BlackElo "2130"]
[PlyCount "48"]
[EventDate "1998.10.25"]
[Source "ChessBase"]
[SourceDate "1999.01.01"]

1. e4 e5 2. f4 exf4 3. Nf3 Be7 4. Bc4 Nf6 5. Nc3 Nxe4 6. Bxf7+ Kxf7 7. Nxe4 Nc6 8. d4 d5 9. Nc3 Bg4 10. Kf1 Rf8 11. g3 Bh3+ 12. Kf2 Bf6 13. Ne2 Kg8 14. gxf4 Bg4 15. Be3 Qe7 16. Ng3 Rae8 17. Re1 Qb4 18. Rb1 Rxe3 19. Kxe3 Bxd4+ 20. Kd3 Rxf4 21. c3 Qc4+ 22. Kd2 Rxf3 23. Re8+ Kf7 24. Qe1 Bxc3+ 0-1

[Event "Heves Infotozsde Cup 6th"]
[Site "?"]
[Date "2000.10.13"]
[Round "8"]
[White "Eberth Zoltan"]
[Black "Gacso Tibor"]
[Result "0-1"]
[WhiteElo "2151"]
[BlackElo "2120"]
[PlyCount "30"]
[EventDate "2000.??.??"]
[Source "www.chesslib.no"]
[SourceDate "2004.05.04"]

1. e4 e5 2. f4 exf4 3. Nf3 Be7 4. Bc4 Nf6 5. Nc3 Nxe4 6. Bxf7+ Kxf7 7. Nxe4 d5 8. Nc3 Re8 9. O-O Bf6 10. d3 g5 11. Ne1 Kg7 12. Qh5 Be6 13. g3 Qd7 14. Qf3 Bd4+ 15. Kh1 Bg4 0-1

[Event "otb"]
[Site "otb"]
[Date "2007.04.02"]
[Round "2"]
[White "Aabling Thomsen Jakob"]
[Black "Garay Lenne Luis Maria"]
[Result "1-0"]
[WhiteElo "2267"]
[BlackElo "1984"]
[PlyCount "97"]
[Source "www.chesslib.no"]
[SourceDate "2004.05.04"]

1. e4 e5 2. f4 exf4 3. Nf3 Be7 4. Bc4 Nf6 5. Nc3 d6 6. d4 O-O 7. Bxf4 Be6 8. Bd3 c6 9. Qe2 Nh5 10. Be3 g6 11. O-O-O d5 12. e5 b5 13. g4 Bxg4 14. Rhg1 Bxf3 15. Qxf3 Ng7 16. Bh6 Na6 17. Rg3 Nc7 18. Bxg7 Kxg7 19. Rdg1 Ne6 20. Qf5 Kh8 21. Qh3 Nf4 22. Qh6 Nxd3+ 23. Rxd3 Rg8 24. Rh3 Rg7 25. Ne2 Qg8 26. Nf4 Re8 27. Rhg3 Bf8 28. h4 Re6 29. Nxe6 fxe6 30. h5 g5 31. Qf6 Be7 32. Qf2 h6 33. Kb1 Qe8 34. Qe2 Rf7 35. Rf3 Rf5 36. Qf2 Qxh5 37. Rxf5 exf5 38. Qxf5 Qe8 39. Qe6 Kg7 40. Rf1 h5 41. Rf5 g4 42. a3 g3 43. Rf3 h4 44. Rf4 Bg5 45. Qxe8 Bxf4 46. Qe7+ Kg6 47. Qxh4 Kf5 48. Qh3+ Ke4 49. e6 1-0

[Event "Lorca SPA"]
[Site "?"]
[Date "2004.06.??"]
[Round "?"]
[White "Ayza David"]
[Black "Sig Marcos"]
[Result "0-1"]
[WhiteElo "2076"]
[BlackElo "2166"]
[PlyCount "72"]
[EventDate "2004.??.??"]
[Source "www.chesslib.no"]
[SourceDate "2004.05.04"]

1. e4 e5 2. f4 exf4 3. Nf3 Be7 4. Bc4 Nf6 5. Nc3 Nxe4 6. Bxf7+ Kxf7 7. Nxe4 Rf8 8. Nfg5+ Bxg5 9. Qh5+ Kg8 10. Nxg5 Qe8+ 11. Qxe8 Rxe8+ 12. Kf2 d6 13. d3 h6 14. Ne4 Bf5 15. Nc3 g5 16. Nd5 Nd7 17. Nxc7 Rec8 18. Nxa8 Rxc2+ 19. Ke1 Ne5 20. Kd1 Rc8 21. Nb6 axb6 22. h3 Nxd3 23. Rf1 Be4 24. Rg1 Nb4 25. Bd2 Bc2+ 26. Ke2 Re8+ 27. Kf3 Be4+ 28. Kg4 Nd5 29. h4 Nf6+ 30. Kh3 Bf5+ 31. Kh2 Re2 32. Bc3 Ng4+ 33. Kh1 f3 34. Rae1 Rc2 35. Re8+ Kf7 36. Rge1 f2 0-1

[Event "Cseppko op-A 11th"]
[Site "?"]
[Date "1996.??.??"]
[Round "5"]
[White "Nagy Mihaly"]
[Black "Gacso Tibor"]
[Result "1/2-1/2"]
[WhiteElo "2025"]
[BlackElo "2210"]
[PlyCount "101"]
[EventDate "1996.??.??"]
[Source "www.chesslib.no"]
[SourceDate "2004.05.04"]

1. e4 e5 2. f4 exf4 3. Nf3 Be7 4. Bc4 Nf6 5. Nc3 Nxe4 6. Nxe4 d5 7. Bd3 dxe4 8. Bxe4 O-O 9. d4 Bd6 10. O-O Nd7 11. Ne5 Nxe5 12. dxe5 Bc5+ 13. Kh1 Qxd1 14. Rxd1 Bg4 15. Re1 Bf2 16. Rf1 Be3 17. Bxe3 fxe3 18. Rfe1 e2 19. h3 Bh5 20. g4 Bg6 21. Rxe2 Bxe4+ 22. Rxe4 Rad8 23. Rae1 Rd2 24. R1e2 Rxe2 25. Rxe2 Rd8 26. Kg2 Kf8 27. h4 Ke7 28. Kf3 Ke6 29. c3 Rd5 30. Kf4 Ra5 31. b3 Rd5 32. Re3 Rd2 33. a3 Ra2 34. a4 Rb2 35. b4 Ra2 36. a5 Rc2 37. Ke4 Rh2 38. h5 a6 39. Kf4 h6 40. Rd3 Rf2+ 41. Ke3 Rc2 42. Kf4 Rc1 43. Re3 Rd1 44. Kf3 Rd5 45. Kf4 c6 46. Re1 Rd3 47. Rc1 Kd5 48. c4+ Ke6 49. b5 Ra3 50. bxc6 bxc6 51. Rd1 1/2-1/2

[Event "Corr"]
[Site "?"]
[Date "2001.01.22"]
[Round "?"]
[White "Noire Eric"]
[Black "Fabri Peter"]
[Result "0-1"]
[WhiteElo "2172"]
[BlackElo "2060"]
[PlyCount "24"]
[EventDate "2001.??.??"]
[Source "www.chesslib.no"]
[SourceDate "2004.05.04"]

1. e4 e5 2. f4 exf4 3. Nf3 Be7 4. Bc4 Nf6 5. e5 Ng4 6. O-O O-O 7. d4 d5 8. Bb3 c5 9. c3 Ne3 10. Bxe3 fxe3 11. Qe2 Nc6 12. dxc5 Bxc5 0-1

[Event "POL-ch U20 Girls"]
[Site "Trzebinia"]
[Date "1998.??.??"]
[Round "6"]
[White "Jurkiewicz, Katarzyna"]
[Black "Matras, Agnieszka"]
[Result "0-1"]
[WhiteElo "2115"]
[BlackElo "2075"]
[PlyCount "96"]
[EventDate "1998.??.??"]
[Source "www.chesslib.no"]
[SourceDate "2004.05.04"]

1. e4 e5 2. f4 exf4 3. Nf3 Be7 4. Bc4 Nf6 5. Nc3 O-O 6. e5 Ng4 7. O-O d6 8. d4 dxe5 9. Nxe5 Nxe5 10. dxe5 Bc5+ 11. Kh1 Qxd1 12. Rxd1 Bf5 13. Nd5 Nc6 14. Bxf4 Bb6 15. c3 Rfe8 16. Rf1 Na5 17. Be2 Be6 18. Rad1 Rad8 19. Bf3 Bxd5 20. Bxd5 c6 21. Bf3 Nc4 22. Rxd8 Rxd8 23. b3 Nd2 24. Rd1 Nxf3 25. Rxd8+ Bxd8 26. gxf3 Kf8 27. Kg2 Bc7 28. Bg3 Ke7 29. f4 Ke6 30. f5+ Kxf5 31. e6 Bd8 32. exf7 Be7 33. Bf2 a6 34. Kf3 Kf6 35. Ke4 Kxf7 36. c4 Ke6 37. h3 g5 38. c5 h5 39. b4 Kf6 40. a4 Bd8 41. Bd4+ Kg6 42. Bf2 Bc7 43. Be1 g4 44. hxg4 hxg4 45. Bf2 g3 46. Be3 Kf6 47. Bd4+ Kg5 48. Kf3 Kh4 0-1

[Event "DDR-POL-CSR U26"]
[Site "Zinnowitz"]
[Date "1981.??.??"]
[Round "?"]
[White "Starck, Ines"]
[Black "Maziarka, Halina"]
[Result "0-1"]
[WhiteElo "2200"]
[BlackElo "1985"]
[PlyCount "82"]
[EventDate "1981.??.??"]
[Source "ChessBase"]

1. e4 e5 2. f4 exf4 3. Nf3 Be7 4. Bc4 Nf6 5. d3 d5 6. exd5 Nxd5 7. Bxd5 Qxd5 8. Bxf4 Qe6+ 9. Qe2 c6 10. Nc3 O-O 11. O-O Qxe2 12. Nxe2 Nd7 13. Rfe1 Nf6 14. Nc3 Be6 15. Ng5 Bc5+ 16. Kh1 Bd7 17. Na4 Bb4 18. c3 Nd5 19. Bg3 Be7 20. Ne4 b6 21. c4 Nb4 22. Nf2 Rfe8 23. Re2 Bf6 24. Rxe8+ Rxe8 25. Nc3 Bf5 26. Nfe4 Be5 27. Bxe5 Rxe5 28. h3 Nxd3 29. Rd1 Rxe4 30. Nxe4 Bxe4 31. Kg1 Kf8 32. b3 Ke7 33. Kf1 Nf4 34. Re1 f5 35. g4 g6 36. gxf5 gxf5 37. Re3 Kf6 38. h4 h5 39. Rg3 Ng6 40. Rh3 f4 41. Kf2 Kf5 0-1

[Event "Leutersdorf op"]
[Site "Leutersdorf"]
[Date "2002.02.16"]
[Round "8"]
[White "Leipert, Matthias"]
[Black "Scheide, Helmut"]
[Result "1-0"]
[WhiteElo "2133"]
[BlackElo "2030"]
[PlyCount "61"]
[EventDate "2002.02.11"]
[Source "ChessBase"]
[SourceDate "2002.03.14"]

1. e4 e5 2. f4 exf4 3. Nf3 Be7 4. Bc4 Nf6 5. e5 Ng4 6. O-O d5 7. exd6 Qxd6 8. d4 g5 9. Nc3 Bd7 10. Nd5 Bd8 11. Re1+ Kf8 12. a4 Be6 13. b3 Qd7 14. Nb4 Bxc4 15. bxc4 a5 16. Nd3 Bf6 17. Nde5 Qf5 18. Nh4 gxh4 19. Nxg4 Ra6 20. Nxf6 Rxf6 21. Qf3 Nc6 22. c3 Rg8 23. Kh1 Rg4 24. Ra2 Rfg6 25. Rf2 h5 26. Bxf4 Kg8 27. Re8+ Kh7 28. Be5 Qb1+ 29. Rf1 Nxe5 30. dxe5 Qe4 31. Qxf7+ 1-0

[Event "16th VR Bank Open"]
[Site "Apolda GER"]
[Date "2007.08.24"]
[Round "2"]
[White "Eidner, F."]
[Black "Rudnitzki, S."]
[Result "0-1"]
[WhiteElo "1973"]
[BlackElo "2177"]
[PlyCount "99"]
[EventDate "2007.08.23"]
[Source "www.chesslib.no"]
[SourceDate "2004.05.04"]

1. e4 e5 2. f4 exf4 3. Nf3 Be7 4. Bc4 Nf6 5. e5 Ne4 6. O-O d5 7. Be2 g5 8. d3 Nc5 9. Nd4 Nc6 10. Nxc6 bxc6 11. Nd2 Be6 12. Nf3 Nd7 13. Kh1 c5 14. d4 c4 15. b3 Nb6 16. Bb2 a5 17. Nd2 Rb8 18. Qc1 a4 19. Ba3 Bxa3 20. Qxa3 Qe7 21. b4 Ra8 22. Rab1 f6 23. Bh5+ Bf7 24. exf6 Qxf6 25. Rbe1+ Kf8 26. Bxf7 Kxf7 27. Re5 Rhe8 28. Nf3 h6 29. Rxe8 Rxe8 30. Ne5+ Kg7 31. Qh3 Rxe5 32. dxe5 Qxe5 33. Qg4 d4 34. Qd1 Nd5 35. Re1 Ne3 36. Qf3 d3 37. cxd3 cxd3 38. Qc6 Qd6 39. Qc3+ Kg6 40. Qd2 Qd4 41. h3 a3 42. Rc1 Nc4 43. Qc3 d2 44. Rd1 c6 45. Qc2+ Kh5 46. Qc3 Qe4 47. Qf3+ Qxf3 48. gxf3 Kh4 49. Kg1 Kg3 50. Kf1 0-1